Zgadnij państwo po jego granicach lądowych - Statystyki

Ogólne statystyki
  • Ten quiz został rozwiązany 27 razy
  • Średni wynik to 26 z 36
Statystyki odpowiedzi
Granice Państwo % Poprawnych
Niemcy, Czechy, Słowacja, Ukraina, Białoruś, Litwa, Rosja Polska
100%
Dania, Polska, Czechy, Austria, Szwajcaria, Francja, Luksemburg, Belgia, Holandia Niemcy
95%
Portugalia, Francja, Andora Hiszpania
95%
Austria, Słowacja, Ukraina, Rumunia, Serbia, Chorwacja, Słowenia Węgry
90%
Serbia, Kosowo, Albania, Grecja, Bułgaria Macedonia Północna
86%
Indie, Chiny Nepal
81%
Grecja, Bułgaria, Gruzja, Armenia, Azerbejdżan, Iran, Irak, Syria Turcja
81%
Dominikana Haiti
81%
Tunezja, Libia, Niger, Mali, Mauretania, Maroko, Sahara Zachodnia Algieria
76%
Libia, Sudan, Izrael Egipt
76%
Pakistan, Afganistan, Chiny, Nepal, Bhutan, Mjanma, Bangladesz Indie
76%
Wietnam, Kambodża, Tajlandia, Mjanma, Chiny Laos
76%
Arabia Saudyjska, Zjednoczone Emiraty Arabskie, Jemen Oman
76%
Wenezuela, Brazylia, Peru, Ekwador, Panama Kolumbia
76%
Chile, Boliwia, Paragwaj, Brazylia, Urugwaj Argentyna
71%
Urugwaj, Argentyna, Paragwaj, Boliwia, Peru, Kolumbia, Wenezuela, Gujana, Surinam, Gujana Francuska Brazylia
71%
Rosja, Chiny, Kirgistan, Uzbekistan, Turkmenistan Kazachstan
71%
Niger, Czad, Kamerun, Benin Nigeria
71%
Mjanma, Laos, Kambodża, Malezja. Tajlandia
71%
Stany Zjednoczone Kanada
71%
Ekwador, Kolumbia, Brazylia, Boliwia, Chile Peru
71%
Brazylia, Paragwaj, Argentyna, Chile, Peru Boliwia
67%
Libia, Sudan, Republika Środkowoafrykańska, Kamerun, Nigeria, Niger Czad
67%
Republika Konga, Republika Środkowoafrykańska, Sudan Południowy, Uganda, Rwanda, Burundi, Tanzania, Zambia, Angola Demokratyczna Republika Konga
67%
Kazachstan, Kirgistan, Tadżykistan, Afganistan, Turkmenistan Uzbekistan
67%
Somalia, Etiopia, Sudan Południowy, Uganda, Tanzania Kenia
67%
Stany Zjednoczone, Gwatemala, Belize Meksyk
67%
Meksyk, Gwatemala Belize
62%
Iran, Pakistan, Turkmenistan, Uzbekistan, Tadżykistan, Chiny Afganistan
62%
Erytrea, Dżibuti, Somalia, Kenia, Sudan, Sudan Południowy Etiopia
62%
Algieria, Niger, Burkina Faso, Wybrzeże Kości Słoniowej, Gwinea, Senegal, Mauretania Mali
57%
Gwatemala, Salwador, Nikaragua Honduras
57%
Gujana Francuska, Brazylia, Gujana Surinam
57%
Togo, Burkina Faso, Niger, Nigeria Benin
52%
Nigeria, Czad, Republika Środkowoafrykańska, Republika Konga, Gabon, Gwinea Równikowa Kamerun
52%
Nikaragua, Panama Kostaryka
48%
Nie znaleziono quizów pasujących do podanych kryteriów
Rozkład punktacji
Procent ludzi z każdym wynikiem
Percentyl według liczby udzielonych odpowiedzi
Twoja historia wyników
Nie rozwiązałeś tego quizu